01459nam a2200361Ia 4500001001200000003000800012006001900020007001500039008004100054010001700095020002500112020002200137020002200159020002500181040002100206035002100227050002500248245017500273260003600448300002500484504005100509533015200560650004900712650003300761650003700794655002900831700003100860700002700891700002100918710001700939856012600956999001501082ebr10281200CaPaEBRm u cr cn|||||||||060904s2007 enka sb 001 0 eng d z 2008353049 z9781861348951 (hbk.) z1861348959 (hbk.) z1861348940 (pbk.) z9781861348944 (pbk.) aCaPaEBRcCaPaEBR a(OCoLC)60769751514aHT178.G7bD57 2007eb00aDisadvantaged by where you live?h[electronic resource] :bneighbourhood governance in contemporary urban policy /cedited by Ian Smith, Eileen Lepine and Marilyn Taylor. aBristol :bPolicy Press,c2007. aviii, 245 p. :bill. aIncludes bibliographical references and index. aElectronic reproduction.bPalo Alto, Calif. :cebrary,d2009.nAvailable via World Wide Web.nAccess may be limited to ebrary affiliated libraries. 0aCommunity development, UrbanzGreat Britain. 0aUrban policyzGreat Britain. 0aLocal governmentzGreat Britain. 7aElectronic books.2local1 aSmith, Ian,d1965 Feb. 16-1 aLepine, Eileen,d1951-1 aTaylor, Marilyn.2 aebrary, Inc.40uhttp://site.ebrary.com/lib/rucke/Doc?id=10281200zAn electronic book accessible through the World Wide Web; click to view c3473d3473